Online
Catalog

¿Mono desnudo u homo sapiens? / (Record no. 25964)

MARC details
000 -CABECERA
campo de control de longitud fija 00942nam a2200253 a 4500
001 - NÚMERO DE CONTROL
campo de control 000026472
005 - FECHA Y HORA DE LA ÚLTIMA TRANSACCIÓN
campo de control 20200930030237.0
008 - DATOS DE LONGITUD FIJA--INFORMACIÓN GENERAL
campo de control de longitud fija 110203s1972 ag a r 000 | spa d
040 ## - FUENTE DE LA CATALOGACIÓN
Centro catalogador/agencia de origen DO-SdBNP
Lengua de catalogación spa
Centro/agencia transcriptor BNPHU
082 ## - NÚMERO DE LA CLASIFICACIÓN DECIMAL DEWEY
Número de clasificación xxx
Número de documento/Ítem L673m
100 1# - ENTRADA PRINCIPAL--NOMBRE DE PERSONA
Nombre de persona Lewis, John
9 (RLIN) 53535
240 10 - TÍTULO UNIFORME
Título uniforme Naked ape or homo sapiens?.
Lenguaje de la obra Español
245 11 - MENCIÓN DE TÍTULO
Título ¿Mono desnudo u homo sapiens? /
Mención de responsabilidad, etc. John Lewis Gaddis, Bernard Towers ; traducción Manuel Vázquez ; prólogo Bernard Towers, Anthony Dyson.
260 ## - PUBLICACIÓN, DISTRIBUCIÓN, ETC.
Lugar de publicación, distribución, etc. Barcelona, (España) :
Nombre del editor, distribuidor, etc. Plaza y Janés,
Fecha de publicación, distribución, etc. 1972.
300 ## - DESCRIPCIÓN FÍSICA
Extensión 158. ;
Dimensiones 19 cm.
490 1# - MENCIÓN DE SERIE
Mención de serie Rotativa
500 ## - NOTA GENERAL
Nota general Incluye referencias bibliográficas y notas al pie de las páginas
504 ## - NOTA DE BIBLIOGRAFÍA, ETC.
Nota de bibliografía, etc. Incluye bibliografía (p. 153-1569)
534 ## - NOTA SOBRE LA VERSIÓN ORIGINAL
Encabezamiento principal del original Título del original:
Mención de título del original Naked ape or homo sapiens?
700 1# - PUNTO DE ACCESO ADICIONAL--NOMBRE DE PERSONA
Nombre de persona Towers, Bernard
9 (RLIN) 53536
700 1# - PUNTO DE ACCESO ADICIONAL--NOMBRE DE PERSONA
Nombre de persona Vázquez, Manuel
Término indicativo de función/relación tr.
9 (RLIN) 53537
700 1# - PUNTO DE ACCESO ADICIONAL--NOMBRE DE PERSONA
Nombre de persona Dyson, Anthony
9 (RLIN) 53538
830 #0 - PUNTO DE ACCESO ADICIONAL DE SERIE-TÍTULO UNIFORME
Título uniforme Rotativa
9 (RLIN) 12897
Holdings
Estado de retiro Estado de pérdida Restricciones de uso No para préstamo Código de colección Localización permanente Ubicación/localización actual Ubicación en estantería Fecha de adquisición Número de inventario Total de préstamos Signatura topográfica completa Código de barras Fecha visto por última vez Precio válido a partir de Tipo de ítem Koha
        Monografías: Libros y Folletos General General En catalogación 21.03.2011 LF1   xxx L673m 26472-10 25.06.2020 25.06.2020 Préstamo en sala
        Monografías: Libros y Folletos Patrimonio Dominicano Patrimonio Dominicano Orden iniciada 21.03.2011 LF1   xxx L673m 26473-10 25.06.2020 25.06.2020 No se presta
        Monografías: Libros y Folletos Patrimonio Dominicano Patrimonio Dominicano Orden iniciada 21.03.2011 LF1   xxx L673m 26474-10 25.06.2020 25.06.2020 No se presta

Powered by Koha